Fundamentos de topología general

Tallennettuna:
Bibliografiset tiedot
Päätekijä: Bushaw, Donald (Tekijä)
Aineistotyyppi: Kirja
Kieli:espanja
Julkaistu: Ciudad de México Limusa 1970
Aiheet:
Tagit: Lisää tagi
Ei tageja, Lisää ensimmäinen tagi!

MARC

LEADER 00000nam a2200000 a 4500
001 UCY0601
003 CL-VaPUC
008 940805e19700000MX |||||||||||||||||spa|d
082 0 4 |a 514  |b BUS  |2 21 
100 0 |a Bushaw, Donald  |e author  |9 328369 
245 1 0 |a Fundamentos de topología general 
246 1 0 |a Topología general 
300 |a 185 p 
942 |c BK 
945 |d 19940805 00:00:00  |a mfernand 
260 |a Ciudad de México  |b Limusa  |c 1970 
650 0 |a Topología   |9 260092 
583 |a last modification  |c 19940805 00:00:00  |k Rodrigo Vera 
999 |c 229565  |d 229563 
952 |0 0  |1 0  |4 0  |6 514_000000000000000_BUS_1970  |7 0  |8 A  |9 230838  |a BIBMAT  |b BIBMAT  |d 2019-11-15  |i 3003043  |l 1  |o 514 BUS 1970  |p 3003043  |r 2025-01-07  |s 2024-06-28  |w 2019-11-15  |y BK  |k MAT 
952 |0 0  |1 0  |4 0  |6 514_000000000000000_BUS_1970  |7 0  |8 A  |9 230839  |a BIBMAT  |b BIBMAT  |d 2019-11-15  |i 3016129  |o 514 BUS 1970  |p 3016129  |r 2025-01-07  |w 2019-11-15  |y BK  |k MAT 
952 |0 0  |1 0  |4 0  |6 514_000000000000000_BUS_1970  |7 0  |8 A  |9 230840  |a BIBMAT  |b BIBMAT  |d 2019-11-15  |i 3016137  |o 514 BUS 1970  |p 3016137  |r 2025-01-07  |w 2019-11-15  |y BK  |k MAT 
952 |0 0  |1 0  |4 0  |6 514_000000000000000_BUS_1970  |7 0  |8 A  |9 230841  |a BIBMAT  |b BIBMAT  |d 2019-11-15  |i 3016145  |o 514 BUS 1970  |p 3016145  |r 2025-01-07  |w 2019-11-15  |y BK  |k MAT 
952 |0 0  |1 0  |4 0  |6 514_000000000000000_BUS_1970  |7 0  |8 A  |9 230842  |a BIBMAT  |b BIBMAT  |d 2019-11-15  |i 3016153  |o 514 BUS 1970  |p 3016153  |r 2025-01-07  |w 2019-11-15  |y BK  |k MAT 
952 |0 0  |1 0  |4 0  |6 514_000000000000000_BUS_1970  |7 0  |8 A  |9 230843  |a BIBMAT  |b BIBMAT  |d 2019-11-15  |i 301617K  |o 514 BUS 1970  |p 301617K  |r 2025-01-07  |w 2019-11-15  |y BK  |k MAT 
952 |0 0  |1 0  |4 0  |6 514_000000000000000_BUS_1970  |7 0  |8 A  |9 230844  |a BIBING  |b BIBING  |d 2019-11-15  |i 1644912  |o 514 BUS 1970  |p 1644912  |r 2025-01-20  |w 2019-11-15  |y BK  |k GEO 
952 |0 0  |1 0  |4 0  |6 514_000000000000000_BUS_1970  |7 0  |8 A  |9 230845  |a BIBCUR  |b BIBCUR  |d 2019-11-15  |i 3581489  |l 2  |o 514 BUS 1970  |p 3581489  |r 2025-04-22  |s 2024-11-07  |w 2019-11-15  |y BK  |k BCB